Art appreciation / (Record no. 31482)
[ view plain ]
| 000 -LEADER | |
|---|---|
| fixed length control field | 01390nam a2200289 i 4500 |
| 003 - CONTROL NUMBER IDENTIFIER | |
| control field | CSPC |
| 005 - DATE AND TIME OF LATEST TRANSACTION | |
| control field | 20260114151813.0 |
| 008 - FIXED-LENGTH DATA ELEMENTS--GENERAL INFORMATION | |
| fixed length control field | 260114s2023 ph a b 001 0 eng d |
| 020 ## - INTERNATIONAL STANDARD BOOK NUMBER | |
| International Standard Book Number | 9786214271412 |
| 040 ## - CATALOGING SOURCE | |
| Original cataloging agency | CSPC |
| Language of cataloging | eng |
| Transcribing agency | CSPC |
| Description conventions | rda |
| 082 04 - DEWEY DECIMAL CLASSIFICATION NUMBER | |
| Edition number | 23 |
| Classification number | 701 |
| Item number | Sa551a |
| 100 1# - MAIN ENTRY--PERSONAL NAME | |
| Personal name | Sanchez, Remedios A., |
| Relator term | author. |
| 245 00 - TITLE STATEMENT | |
| Title | Art appreciation / |
| Statement of responsibility, etc. | Remedios A. Sanchez, [and 2 others]. |
| 250 ## - EDITION STATEMENT | |
| Edition statement | Second edition. |
| 264 #1 - PRODUCTION, PUBLICATION, DISTRIBUTION, MANUFACTURE, AND COPYRIGHT NOTICE | |
| Place of production, publication, distribution, manufacture | Manila, Philippines : |
| Name of producer, publisher, distributor, manufacturer | Unlimited Books Library Services & Publishing Inc., |
| Date of production, publication, distribution, manufacture, or copyright notice | 2023. |
| 300 ## - PHYSICAL DESCRIPTION | |
| Extent | xii, 214 pages : |
| Other physical details | illustrations ; |
| Dimensions | 25 cm. |
| 336 ## - CONTENT TYPE | |
| Source | rdacontent |
| Content type term | text |
| 337 ## - MEDIA TYPE | |
| Source | rdamedia |
| Media type term | unmediated |
| 338 ## - CARRIER TYPE | |
| Source | rdacarrier |
| Carrier type term | volume |
| 504 ## - BIBLIOGRAPHY, ETC. NOTE | |
| Bibliography, etc. note | Includes bibliographical references. |
| 505 0# - FORMATTED CONTENTS NOTE | |
| Formatted contents note | Humanities, assumptions and nature of arts -- Functions and theories of arts -- History of art & sources of art -- Art and artisan: process, medium, technique, and curation -- Principles and elements of arts -- Asian art -- Western art history -- Philippine art -- Soulmaking (soul, sound, structure) -- Installation art -- Transcreation: music. |
| 650 #4 - SUBJECT ADDED ENTRY--TOPICAL TERM | |
| Topical term or geographic name entry element | Arts. |
| 700 1# - ADDED ENTRY--PERSONAL NAME | |
| Personal name | Bacolod, Minsoware S., |
| Relator term | author. |
| 700 1# - ADDED ENTRY--PERSONAL NAME | |
| Personal name | Vidal Jr., Conrado F., |
| Relator term | author. |
| 942 ## - ADDED ENTRY ELEMENTS (KOHA) | |
| Source of classification or shelving scheme | Dewey Decimal Classification |
| Suppress in OPAC | No |
| Koha item type | Books |
| Edition | 23 |
| Classification part | 701 |
| Item part | Sa551a |
| Call number prefix | FIL |
| Call number suffix | 2023 |
| Withdrawn status | Lost status | Source of classification or shelving scheme | Damaged status | Not for loan | Home library | Current library | Shelving location | Date acquired | Total Checkouts | Full call number | Barcode | Date last seen | Copy number | Price effective from | Koha item type |
|---|---|---|---|---|---|---|---|---|---|---|---|---|---|---|---|
| Dewey Decimal Classification | CAMPUS CSPC | CAMPUS CSPC | Filipiniana Section | 10/28/2025 | FIL 701 Sa551a 2023 | 001931-BUH | 01/14/2026 | 1-2 | 01/14/2026 | Books | |||||
| Dewey Decimal Classification | CAMPUS CSPC | CAMPUS CSPC | Filipiniana Section | 10/28/2025 | FIL 701 Sa551a 2023 | 001932-BUH | 01/14/2026 | 2-2 | 01/14/2026 | Books |